000 00326nam a22001337a 4500
008 230606b xxu||||| |||| 00| 0 eng d
020 _a9781844809424
082 _a657.45
245 _aAuditing
_cCengage Learning EMEA
250 _a9th Edition
260 _aUnited Kingdom
_bPat Bond
_c1978
300 _a459 p
942 _2ddc
_cBK
999 _c696
_d696